000
00280nam a22001337a 4500
008
170614b xxu||||| |||| 00| 0 eng d
020
_a
9780966008029
041
_a
eng
080
_a
94
100
_a
17
101
_a
SHH
245
_a
RETENTION WARS
_c
LEVIN,M
942
_2
udc
_c
BK
999
_c
17310
_d
17310